<?xml version="1.0" encoding="UTF-8"?>
<record
    xmlns:xsi="http://www.w3.org/2001/XMLSchema-instance"
    xsi:schemaLocation="http://www.loc.gov/MARC21/slim http://www.loc.gov/standards/marcxml/schema/MARC21slim.xsd"
    xmlns="http://www.loc.gov/MARC21/slim">

  <leader>01434cam a2200301 a 4500</leader>
  <controlfield tag="001">78078</controlfield>
  <controlfield tag="003">BD-RjUL</controlfield>
  <controlfield tag="005">20211209083103.0</controlfield>
  <controlfield tag="008">210315s1959    ua       b    001 0 ara d</controlfield>
  <datafield tag="035" ind1=" " ind2=" ">
    <subfield code="a">(BD-RjUL)78304</subfield>
  </datafield>
  <datafield tag="040" ind1=" " ind2=" ">
    <subfield code="a">UaCaAUL</subfield>
    <subfield code="d">UaCaAUL</subfield>
    <subfield code="b">eng</subfield>
    <subfield code="c">BD-RjUL</subfield>
  </datafield>
  <datafield tag="041" ind1=" " ind2=" ">
    <subfield code="a">ara</subfield>
  </datafield>
  <datafield tag="066" ind1=" " ind2=" ">
    <subfield code="c">(3</subfield>
  </datafield>
  <datafield tag="082" ind1=" " ind2=" ">
    <subfield code="2">23</subfield>
    <subfield code="a">297.125</subfield>
    <subfield code="b">ASF 1959</subfield>
  </datafield>
  <datafield tag="100" ind1="1" ind2=" ">
    <subfield code="a">&#x639;&#x633;&#x642;&#x644;&#x627;&#x646;&#x64A;,  &#x634;&#x647;&#x627;&#x628; &#x627;&#x644;&#x62F;&#x64A;&#x646; &#x627;&#x628;&#x64A; &#x627;&#x644;&#x641;&#x636;&#x644; ;; Ashqalani,  Shihabuddin Abi Al-Fadl  </subfield>
    <subfield code="d">1372-1449.</subfield>
    <subfield code="9">246076</subfield>
  </datafield>
  <datafield tag="245" ind1="1" ind2="0">
    <subfield code="a"> &#x641;&#x62A;&#x62D; &#x627;&#x644;&#x628;&#x627;&#x631;&#x64A; &#x628;&#x634;&#x631;&#x62D; &#x635;&#x62D;&#x64A;&#x62D;&#x64A; &#x627;&#x644;&#x628;&#x62E;&#x627;&#x631;&#x64A; ;; Fat&#x1E25; al-b&#x101;r&#x12B; shar&#x1E25; &#x1E62;a&#x1E25;&#x12B;&#x1E25; al-Bukh&#x101;r&#x12B; /</subfield>
    <subfield code="c">&#x634;&#x647;&#x627;&#x628; &#x627;&#x644;&#x62F;&#x64A;&#x646; &#x627;&#x628;&#x64A; &#x627;&#x644;&#x641;&#x636;&#x644; &#x627;&#x644;&#x639;&#x633;&#x642;&#x644;&#x627;&#x646;&#x64A;. ;; shihab al din abi al fazl Asqal&#x101;n&#x12B;.</subfield>
  </datafield>
  <datafield tag="260" ind1=" " ind2=" ">
    <subfield code="a">Misr :</subfield>
    <subfield code="b">D&#x101;r al-Sal&#x101;m,</subfield>
    <subfield code="c">1959</subfield>
  </datafield>
  <datafield tag="300" ind1=" " ind2=" ">
    <subfield code="a">v. ;</subfield>
    <subfield code="c">25 cm.</subfield>
  </datafield>
  <datafield tag="500" ind1=" " ind2=" ">
    <subfield code="a">Vol. [0] has title: Hady al-s&#x101;r&#x12B; : muqaddimat Fat&#x1E25; al-b&#x101;r&#x12B; shar&#x1E25; &#x1E62;a&#x1E25;&#x12B;&#x1E25; al-Bukh&#x101;r&#x12B; ; Vol. [14] has title: Fah&#x101;ris Fat&#x1E25; al-b&#x101;r&#x12B; shar&#x1E25; &#x1E62;a&#x1E25;&#x12B;&#x1E25; al-Bukh&#x101;r&#x12B;.</subfield>
  </datafield>
  <datafield tag="505" ind1=" " ind2=" ">
    <subfield code="a">Vol. 11..--</subfield>
  </datafield>
  <datafield tag="600" ind1="1" ind2="0">
    <subfield code="a">Bukh&#x101;r&#x12B;, Mu&#x1E25;ammad ibn Ism&#x101;&#x2BF;&#x12B;l,</subfield>
    <subfield code="d">810-870.</subfield>
    <subfield code="t">J&#x101;mi&#x2BF; al-&#x1E63;a&#x1E25;&#x12B;&#x1E25;.</subfield>
    <subfield code="9">250933</subfield>
  </datafield>
  <datafield tag="650" ind1=" " ind2="0">
    <subfield code="a">Hadith</subfield>
    <subfield code="x">Commentaries.</subfield>
    <subfield code="9">246078</subfield>
  </datafield>
  <datafield tag="700" ind1="1" ind2=" ">
    <subfield code="a">Bukh&#x101;r&#x12B;, Mu&#x1E25;ammad ibn Ism&#x101;&#x2BF;&#x12B;l,</subfield>
    <subfield code="d">810-870.</subfield>
    <subfield code="9">250934</subfield>
  </datafield>
  <datafield tag="700" ind1="1" ind2=" ">
    <subfield code="a">Ibn B&#x101;z, &#x2BF;Abd al-&#x2BF;Az&#x12B;z ibn &#x2BF;Abd All&#x101;h,</subfield>
    <subfield code="d">1910-1999.</subfield>
    <subfield code="9">250935</subfield>
  </datafield>
  <datafield tag="700" ind1="1" ind2=" ">
    <subfield code="a">Shabk, &#x2BF;Al&#x12B; ibn &#x2BF;Abd al-&#x2BF;Az&#x12B;z.</subfield>
    <subfield code="9">246081</subfield>
  </datafield>
  <datafield tag="700" ind1="1" ind2=" ">
    <subfield code="a">&#x2BF;Abd al-B&#x101;q&#x12B;, Mu&#x1E25;ammad Fu&#x2BC;&#x101;d.</subfield>
    <subfield code="9">250936</subfield>
  </datafield>
  <datafield tag="942" ind1=" " ind2=" ">
    <subfield code="2">ddc</subfield>
    <subfield code="c">BK</subfield>
  </datafield>
  <datafield tag="999" ind1=" " ind2=" ">
    <subfield code="c">78078</subfield>
    <subfield code="d">78078</subfield>
  </datafield>
  <datafield tag="952" ind1=" " ind2=" ">
    <subfield code="0">0</subfield>
    <subfield code="1">0</subfield>
    <subfield code="2">ddc</subfield>
    <subfield code="4">0</subfield>
    <subfield code="7">1</subfield>
    <subfield code="8">NFIC</subfield>
    <subfield code="a">RUCL</subfield>
    <subfield code="b">RUCL</subfield>
    <subfield code="c">Reading</subfield>
    <subfield code="d">2021-03-15</subfield>
    <subfield code="l">0</subfield>
    <subfield code="o">A 297.12541 ASF V-11 1959</subfield>
    <subfield code="r">2021-03-15 00:00:00</subfield>
    <subfield code="t">C-1</subfield>
    <subfield code="w">2021-03-15</subfield>
    <subfield code="y">BK</subfield>
  </datafield>
  <datafield tag="952" ind1=" " ind2=" ">
    <subfield code="0">0</subfield>
    <subfield code="1">0</subfield>
    <subfield code="2">ddc</subfield>
    <subfield code="4">0</subfield>
    <subfield code="7">1</subfield>
    <subfield code="8">NFIC</subfield>
    <subfield code="a">RUCL</subfield>
    <subfield code="b">RUCL</subfield>
    <subfield code="c">Reading</subfield>
    <subfield code="d">2021-12-28</subfield>
    <subfield code="o">A 297.12541 ASF V-1-3 1959</subfield>
    <subfield code="r">2021-12-28 00:00:00</subfield>
    <subfield code="t">C-1</subfield>
    <subfield code="y">BK</subfield>
  </datafield>
  <datafield tag="952" ind1=" " ind2=" ">
    <subfield code="0">0</subfield>
    <subfield code="1">0</subfield>
    <subfield code="2">ddc</subfield>
    <subfield code="4">0</subfield>
    <subfield code="7">1</subfield>
    <subfield code="8">NFIC</subfield>
    <subfield code="a">RUCL</subfield>
    <subfield code="b">RUCL</subfield>
    <subfield code="c">Reading</subfield>
    <subfield code="d">2021-12-28</subfield>
    <subfield code="o">A 297.12541 ASF V-5-6 1959</subfield>
    <subfield code="r">2021-12-28 00:00:00</subfield>
    <subfield code="t">C-1</subfield>
    <subfield code="y">BK</subfield>
  </datafield>
  <datafield tag="952" ind1=" " ind2=" ">
    <subfield code="0">0</subfield>
    <subfield code="1">0</subfield>
    <subfield code="2">ddc</subfield>
    <subfield code="4">0</subfield>
    <subfield code="7">1</subfield>
    <subfield code="8">NFIC</subfield>
    <subfield code="a">RUCL</subfield>
    <subfield code="b">RUCL</subfield>
    <subfield code="c">Reading</subfield>
    <subfield code="d">1964-04-16</subfield>
    <subfield code="e">Urdu Library, Rajshahi</subfield>
    <subfield code="o">A 297.12541 ASF V-13-14  1959</subfield>
    <subfield code="r">2022-04-19 00:00:00</subfield>
    <subfield code="t">C-1</subfield>
    <subfield code="y">BK</subfield>
  </datafield>
  <datafield tag="952" ind1=" " ind2=" ">
    <subfield code="0">0</subfield>
    <subfield code="1">0</subfield>
    <subfield code="2">ddc</subfield>
    <subfield code="4">0</subfield>
    <subfield code="7">1</subfield>
    <subfield code="8">NFIC</subfield>
    <subfield code="a">RUCL</subfield>
    <subfield code="b">RUCL</subfield>
    <subfield code="c">Reading</subfield>
    <subfield code="d">2022-11-02</subfield>
    <subfield code="l">0</subfield>
    <subfield code="o">A 297.125 ASF V-9 1959</subfield>
    <subfield code="r">2022-11-02 00:00:00</subfield>
    <subfield code="t">C-1</subfield>
    <subfield code="w">2022-11-02</subfield>
    <subfield code="y">BK</subfield>
  </datafield>
  <datafield tag="952" ind1=" " ind2=" ">
    <subfield code="0">0</subfield>
    <subfield code="1">0</subfield>
    <subfield code="2">ddc</subfield>
    <subfield code="4">0</subfield>
    <subfield code="7">1</subfield>
    <subfield code="8">NFIC</subfield>
    <subfield code="a">RUCL</subfield>
    <subfield code="b">RUCL</subfield>
    <subfield code="c">Reading</subfield>
    <subfield code="d">2022-11-02</subfield>
    <subfield code="l">0</subfield>
    <subfield code="o">A 297.125 ASF V-71959</subfield>
    <subfield code="r">2022-11-02 00:00:00</subfield>
    <subfield code="t">C-1</subfield>
    <subfield code="w">2022-11-02</subfield>
    <subfield code="y">BK</subfield>
  </datafield>
  <datafield tag="952" ind1=" " ind2=" ">
    <subfield code="0">0</subfield>
    <subfield code="1">0</subfield>
    <subfield code="2">ddc</subfield>
    <subfield code="4">0</subfield>
    <subfield code="7">1</subfield>
    <subfield code="8">NFIC</subfield>
    <subfield code="a">RUCL</subfield>
    <subfield code="b">RUCL</subfield>
    <subfield code="c">Reading</subfield>
    <subfield code="d">1964-03-21</subfield>
    <subfield code="e">Urdu Library, Rajshahi</subfield>
    <subfield code="o">A 297.125 ASF V-15 1959</subfield>
    <subfield code="r">2022-11-02 00:00:00</subfield>
    <subfield code="t">C-1</subfield>
    <subfield code="y">BK</subfield>
  </datafield>
  <datafield tag="952" ind1=" " ind2=" ">
    <subfield code="0">0</subfield>
    <subfield code="1">0</subfield>
    <subfield code="2">ddc</subfield>
    <subfield code="4">0</subfield>
    <subfield code="7">0</subfield>
    <subfield code="8">NFIC</subfield>
    <subfield code="a">RUCL</subfield>
    <subfield code="b">RUCL</subfield>
    <subfield code="c">GEN</subfield>
    <subfield code="d">2024-12-03</subfield>
    <subfield code="e">A.K.M. Husain  Basudeve pur ,Rajshahi</subfield>
    <subfield code="l">0</subfield>
    <subfield code="o">A  297.125 ASF V-9 1959</subfield>
    <subfield code="r">2024-12-03 00:00:00</subfield>
    <subfield code="t">C-2</subfield>
    <subfield code="w">2024-12-03</subfield>
    <subfield code="y">BK</subfield>
  </datafield>
</record>
